000 00370nam a22001217a 4500
008 230703b xxu||||| |||| 00| 0 eng d
082 _a342 16
_bIPU 1991
245 _aConstitutional and Parliamentary Information ASGP
_bAssociation of Secretaries General of Parliaments
260 _bInter-Parliamentary Union
_c1991
300 _a88p
440 _n162
942 _2ddc
_cBK
999 _c3423
_d3423